Bunches of lunches / (Record no. 2655)

MARC details
000 -LEADER
fixed length control field 00896cam a2200277 a 4500
005 - DATE AND TIME OF LATEST TRANSACTION
control field 20240111133629.0
020 ## - INTERNATIONAL STANDARD BOOK NUMBER
International Standard Book Number 9781615905003
040 ## - CATALOGING SOURCE
Original cataloging agency DLC
Transcribing agency DLC
Modifying agency DLC
Language of cataloging eng
050 00 - LIBRARY OF CONGRESS CALL NUMBER
Classification number QL756.5
082 00 - DEWEY DECIMAL CLASSIFICATION NUMBER
Classification number 591.5
100 1# - MAIN ENTRY--PERSONAL NAME
Personal name Mitten, Luana K
245 10 - TITLE STATEMENT
Title Bunches of lunches /
Statement of responsibility, etc. K. Mitten, Luana
250 ## - EDITION STATEMENT
Edition statement Printed in the United States of America
260 ## - PUBLICATION, DISTRIBUTION, ETC.
Place of publication, distribution, etc. U.S.A :
Name of publisher, distributor, etc. Rourke Publishing,
Date of publication, distribution, etc. 2011
300 ## - PHYSICAL DESCRIPTION
Extent 24 pages :
Other physical details color illustrations ;
Dimensions 21 cm.
490 0# - SERIES STATEMENT
Series statement Animal babies and me
500 ## - GENERAL NOTE
General note Includes index.
505 ## - FORMATTED CONTENTS NOTE
Formatted contents note J <br/><br/>
520 ## - SUMMARY, ETC.
Summary, etc. This Delightful Book Will Charm The Very Young Child And The Emergent Reader As They Discover What Young Animals Eat.
521 ## - TARGET AUDIENCE NOTE
Target audience note 430 <br/>
Source Lexile <br/>
521 ## - TARGET AUDIENCE NOTE
Target audience note J <br/>
Source Raz-Plus <br/>
650 #0 - SUBJECT ADDED ENTRY--TOPICAL TERM
Topical term or geographic name entry element Animals
General subdivision Food
Form subdivision Juvenile literature.
906 ## - LOCAL DATA ELEMENT F, LDF (RLIN)
a 7
b cbc
c orignew
d 1
e ecip
f 20
g y-gencatlg
942 ## - ADDED ENTRY ELEMENTS (KOHA)
Source of classification or shelving scheme Dewey Decimal Classification
Koha item type Books
Suppress in OPAC No
999 ## -
-- 2655
-- 2655
Holdings
Withdrawn status Lost status Source of classification or shelving scheme Damaged status Not for loan Collection Home library Current library Shelving location Date acquired Total Checkouts Full call number Barcode Date last seen Date last checked out Price effective from Koha item type
    Dewey Decimal Classification     Non-Fiction Footprints International School Library Network Toul Kork Campus Footprints International School Library Network Toul Tom Poung Campus   01/08/2024 3 MIT 591.5 QL756.5 FISTK00768 03/12/2026 03/05/2026 01/08/2024 Books